Kẻ trộm sách

Guardat en:
Dades bibliogràfiques
Autor principal: Zusak, Markus
Format: Llibre
Idioma:Undetermined
Publicat: Thành phố Hồ Chí Minh Trẻ 2015
Matèries:
Etiquetes: Afegir etiqueta
Sense etiquetes, Sigues el primer a etiquetar aquest registre!
Thư viện lưu trữ: Trung tâm Học liệu Trường Đại học Cần Thơ
LEADER 00591nam a2200193Ia 4500
001 CTU_207013
008 210402s9999 xx 000 0 und d
020 |c 180000 
082 |a 823 
082 |b Z93 
100 |a Zusak, Markus 
245 0 |a Kẻ trộm sách 
245 0 |c Markus Zusak ; Cao Xuân Việt Khương dịch ; Phạm Duy Đăng minh họa 
260 |a Thành phố Hồ Chí Minh 
260 |b Trẻ 
260 |c 2015 
650 |a Tiểu thuyết Anh,English fiction 
904 |i Tuyến 
980 |a Trung tâm Học liệu Trường Đại học Cần Thơ